00544 2200193 4500001002100000005001700021008004100038020001800079035002900097090002000126100003600146245003300182250001000215260003300225300003100258440001300289650002400302990002400326INLIS00000000002364720150121110526.0  a979-26-6125-5 a##a0010-011500000000436 aR 297.224 Muh s aMuhammad Nashiruddin Al;-Albani aShahih Sunan Nasa'i Jilid II aCet 1 aJakartabPustaka Azzamc2006 axxxxvi + 936 hlm ; 23,5 cm aJilid II aKumpulan Hadis Nabi a32642/PUSDACIL/2015